[Event "Napoli Sociale-ch"]
[Site "Napoli"]
[Date "2012.05.31"]
[Round "1"]
[White "Solombrino, Giovanni"]
[Black "De Vero, Vincenzo"]
[Result "1-0"]
[WhiteElo "1822"]
[BlackElo "1440"]
[PlyCount "95"]
[EventDate "2012.05.31"]
[EventType "swiss"]
[EventRounds "7"]
[EventCountry "ITA"]
[SourceTitle "EXT 2018"]
[Source "ChessBase"]
[SourceDate "2017.10.13"]
[SourceVersion "1"]
[SourceVersionDate "2017.10.13"]
[SourceQuality "1"]

1. e4 e5 2. Nf3 Nc6 3. d4 Bd6 4. Bc4 a6 5. 0-0 b5 6. Bb3 Bb7 7. Ng5 Nh6 8. Nf3 Qe7 9. Nc3 0-0-0 10. Nd5 Qf8 11. c4 exd4 12. cxb5 axb5 13. Nxd4 Nxd4 14. Qxd4 Bc5 15. Qc3 f6 16. Be3 d6 17. Rac1 Rd7 18. Bxc5 dxc5 19. Qxc5 Qxc5 20. Rxc5 Rd6 21. Rxc7+ Kb8 22. Rfc1 Nf7 23. Rxf7 Rc6 24. Rxc6 Bxc6 25. Rxg7 Rc8 26. Ne7 Rc7 27. Nxc6+ Rxc6 28. g3 h5 29. Bd5 Rc1+ 30. Kg2 Re1 31. Rb7+ Kc8 32. Rxb5 Kc7 33. a4 Kd6 34. a5 Ra1 35. Bb7 Kc7 36. a6 Kb8 37. Rxh5 Ka7 38. Rf5 Rb1 39. h4 Rxb2 40. h5 Rd2 41. h6 Rd8 42. Rxf6 Rb8 43. h7 Rh8 44. Rf7 Kb8 45. Rg7 Ka7 46. e5 Kb8 47. Rg8+ Rxg8 48. hxg8Q+ 1-0